[Event "Madrid-chT 2223"]
[Site "Madrid"]
[Date "2022.12.10"]
[Round "3.1"]
[White "Khamrakulov, Ibragim S"]
[Black "Martinez Reyes, Pedro Ramon"]
[Result "1/2-1/2"]
[WhiteElo "2413"]
[BlackElo "2383"]
[PlyCount "34"]
[EventDate "2022.11.20"]
[EventType "team-tourn"]
[EventRounds "14"]
[EventCountry "ESP"]
[SourceTitle "Ajedrez en Madrid"]
[Source "lmi"]
[SourceDate "2022.11.21"]
[SourceVersion "1"]
[SourceVersionDate "2023.03.23"]
[SourceQuality "1"]
[WhiteTeam "Villalba 64"]
[BlackTeam "Blanco y Negro"]
[WhiteTeamCountry "ESP"]
[BlackTeamCountry "ESP"]

1. e4 e6 2. d4 d5 3. Nd2 Nf6 4. e5 Ne4 5. Bd3 Nxd2 6. Bxd2 c5 7. dxc5 Nd7 8.
Nf3 Nxc5 9. Be2 Bd7 10. O-O Rc8 11. c4 dxc4 12. Bxc4 Ne4 13. Rc1 Nxd2 14. Qxd2
Bc6 15. Qe3 Qb6 16. Qxb6 axb6 17. a3 Be7 1/2-1/2

[Event "Madrid-chT 2223"]
[Site "Madrid"]
[Date "2022.12.10"]
[Round "3.2"]
[White "Taboas Rodriguez, Daniel"]
[Black "Valles Moreno, Ivan"]
[Result "1-0"]
[WhiteElo "2359"]
[BlackElo "2341"]
[PlyCount "82"]
[EventDate "2022.11.20"]
[EventType "team-tourn"]
[EventRounds "14"]
[EventCountry "ESP"]
[SourceTitle "Ajedrez en Madrid"]
[Source "lmi"]
[SourceDate "2022.11.21"]
[SourceVersion "1"]
[SourceVersionDate "2023.03.23"]
[SourceQuality "1"]
[WhiteTeam "Blanco y Negro"]
[BlackTeam "Villalba 64"]
[WhiteTeamCountry "ESP"]
[BlackTeamCountry "ESP"]

1. d4 Nf6 2. c4 d6 3. Nc3 g6 4. e4 Bg7 5. Nf3 O-O 6. Be2 c5 7. d5 e6 8. O-O Re8
9. dxe6 Bxe6 10. Bf4 Bg4 11. h3 Nxe4 12. Nxe4 Rxe4 13. Bg5 Qe8 14. Bd3 Bxf3 15.
Qxf3 Re6 16. Qxb7 Nc6 17. Bc2 Rb8 18. Qc7 Rc8 19. Qb7 h6 20. Bh4 Rb8 21. Qc7
Rc8 22. Qb7 Rb8 23. Qc7 Rb4 24. Bd3 Nd4 25. Bg3 Rxb2 26. Qxa7 Nc6 27. Qc7 Nb4
28. Rad1 Re7 29. Qa5 Rxa2 30. Qb5 Ra6 31. Bb1 Re6 32. Qxe8+ Rxe8 33. Bxd6 Bf8
34. Bf4 Bg7 35. Be3 Bf8 36. Rd7 Ra3 37. Rc1 h5 38. Kf1 Ra1 39. Rcd1 Be7 40. Be4
Rxd1+ 41. Rxd1 Nc2 1-0

[Event "Madrid-chT 2223"]
[Site "Madrid"]
[Date "2022.12.10"]
[Round "3.3"]
[White "Adan Bermudez, Sergio"]
[Black "Hidalgo Duque, Carlos"]
[Result "1-0"]
[WhiteElo "2350"]
[BlackElo "2253"]
[PlyCount "55"]
[EventDate "2022.11.20"]
[EventType "team-tourn"]
[EventRounds "14"]
[EventCountry "ESP"]
[SourceTitle "Ajedrez en Madrid"]
[Source "lmi"]
[SourceDate "2022.11.21"]
[SourceVersion "1"]
[SourceVersionDate "2023.03.23"]
[SourceQuality "1"]
[WhiteTeam "Villalba 64"]
[BlackTeam "Blanco y Negro"]
[WhiteTeamCountry "ESP"]
[BlackTeamCountry "ESP"]

1. c4 e6 2. Nc3 d5 3. e3 Nf6 4. Nf3 Bd6 5. Rg1 c6 6. g4 b6 7. b3 Bb7 8. Bb2 Qe7
9. g5 Nfd7 10. cxd5 cxd5 11. Nb5 O-O 12. Nfd4 Bc5 13. Nc7 Bxd4 14. Bxd4 Nc6 15.
Nxa8 Rxa8 16. Bb2 e5 17. Rc1 Qd6 18. Qh5 Re8 19. Rg4 d4 20. Rh4 Nf8 21. Bc4 Re7
22. g6 Qxg6 23. Ba3 Rd7 24. Bxf8 Qg1+ 25. Ke2 Qxc1 26. Bxg7 Qc2 27. Bd3 Ba6 28.
Qxh7# 1-0

[Event "Madrid-chT 2223"]
[Site "Madrid"]
[Date "2022.12.10"]
[Round "3.4"]
[White "Alarcia Astiz, Carlos"]
[Black "Sanchez Gonzalez, Sergio"]
[Result "0-1"]
[WhiteElo "2250"]
[BlackElo "2279"]
[PlyCount "72"]
[EventDate "2022.11.20"]
[EventType "team-tourn"]
[EventRounds "14"]
[EventCountry "ESP"]
[SourceTitle "Ajedrez en Madrid"]
[Source "lmi"]
[SourceDate "2022.11.21"]
[SourceVersion "1"]
[SourceVersionDate "2023.03.23"]
[SourceQuality "1"]
[WhiteTeam "Blanco y Negro"]
[BlackTeam "Villalba 64"]
[WhiteTeamCountry "ESP"]
[BlackTeamCountry "ESP"]

1. e4 c5 2. Nf3 e6 3. d4 cxd4 4. Nxd4 a6 5. f4 d5 6. e5 Nc6 7. c3 Nge7 8. Be3
Nxd4 9. Bxd4 Nc6 10. Qd3 Nxd4 11. Qxd4 Qc7 12. Nd2 Bc5 13. Qd3 Bd7 14. Qg3
O-O-O 15. O-O-O Ba4 16. b3 Bc6 17. Kb1 d4 18. c4 Bb4 19. Bd3 a5 20. a4 Qb6 21.
Kc2 Bc3 22. Be4 Qb4 23. Rhe1 Bxe4+ 24. Nxe4 d3+ 25. Rxd3 Bxe1 26. Rxd8+ Rxd8
27. Qxg7 Rd2+ 28. Nxd2 Qxd2+ 29. Kb1 Qd3+ 30. Kb2 Bc3+ 31. Ka3 Bb4+ 32. Kb2
Qc3+ 33. Kb1 Ba3 34. Qg8+ Kc7 35. Qxf7+ Kb8 36. Qe8+ Ka7 0-1

[Event "Madrid-chT 2223"]
[Site "Madrid"]
[Date "2022.12.10"]
[Round "3.5"]
[White "Sanchez Alvares, Kelvin Antonio"]
[Black "Renteria Becerra, Jorge Elicer"]
[Result "1-0"]
[WhiteElo "2230"]
[BlackElo "2217"]
[PlyCount "67"]
[EventDate "2022.11.20"]
[EventType "team-tourn"]
[EventRounds "14"]
[EventCountry "ESP"]
[SourceTitle "Ajedrez en Madrid"]
[Source "lmi"]
[SourceDate "2022.11.21"]
[SourceVersion "1"]
[SourceVersionDate "2023.03.23"]
[SourceQuality "1"]
[WhiteTeam "Villalba 64"]
[BlackTeam "Blanco y Negro"]
[WhiteTeamCountry "ESP"]
[BlackTeamCountry "ESP"]

1. d4 Nf6 2. c4 e6 3. Nf3 b6 4. g3 Ba6 5. Qc2 d5 6. cxd5 exd5 7. Bg2 Bb4+ 8.
Nc3 O-O 9. O-O c6 10. Rd1 Bb7 11. Bg5 Be7 12. Ne5 Nfd7 13. Bxe7 Qxe7 14. e4
Nxe5 15. dxe5 d4 16. Rxd4 Qxe5 17. Rd2 Na6 18. Rad1 Nb4 19. Qa4 a5 20. a3 b5
21. Qb3 Na6 22. Qc2 a4 23. Qd3 Rfe8 24. Qd6 Nc5 25. Qxe5 Rxe5 26. f4 Re7 27. e5
Kf8 28. Rd6 Rc7 29. Rc1 Nb3 30. Rc2 Na1 31. Nxb5 Nxc2 32. Nxc7 Rc8 33. Rd7 Ne3
34. e6 1-0

[Event "Madrid-chT 2223"]
[Site "Madrid"]
[Date "2022.12.10"]
[Round "3.6"]
[White "Perez Diez, Victor"]
[Black "Perdomo Araujo, Angel Eduardo"]
[Result "1-0"]
[WhiteElo "1999"]
[BlackElo "2076"]
[PlyCount "66"]
[EventDate "2022.11.20"]
[EventType "team-tourn"]
[EventRounds "14"]
[EventCountry "ESP"]
[SourceTitle "Ajedrez en Madrid"]
[Source "lmi"]
[SourceDate "2022.11.21"]
[SourceVersion "1"]
[SourceVersionDate "2023.03.23"]
[SourceQuality "1"]
[WhiteTeam "Blanco y Negro"]
[BlackTeam "Villalba 64"]
[WhiteTeamCountry "ESP"]
[BlackTeamCountry "ESP"]

1. e4 d5 2. exd5 Qxd5 3. Nc3 Qd6 4. Bc4 Nf6 5. d3 c6 6. Qe2 Bg4 7. f3 Bc8 8.
Bg5 Nbd7 9. Nh3 b5 10. Bb3 Nc5 11. Bf4 Qd8 12. Ng5 e6 13. Nge4 Nfxe4 14. fxe4
a5 15. a3 Nxb3 16. cxb3 Ba6 17. Rd1 b4 18. axb4 axb4 19. Na4 Bb5 20. O-O Bxa4
21. bxa4 Rxa4 22. Rc1 Qa8 23. Qg4 Ra5 24. d4 Qa7 25. Rfd1 Qd7 26. Qg3 f6 27.
Kh1 Kf7 28. Rc2 Be7 29. Qb3 Rha8 30. Qc4 R8a6 31. Bd2 b3 32. Qxb3 Qxd4 33. Rc4
Qb6 1-0

[Event "Madrid-chT 2223"]
[Site "Madrid"]
[Date "2022.12.11"]
[Round "3.1"]
[White "Perez Gonzalez, Jose Manuel"]
[Black "Vazquez Igarza, Renier"]
[Result "0-1"]
[WhiteElo "2195"]
[BlackElo "2536"]
[PlyCount "83"]
[EventDate "2022.11.20"]
[EventType "team-tourn"]
[EventRounds "14"]
[EventCountry "ESP"]
[SourceTitle "Ajedrez en Madrid"]
[Source "lmi"]
[SourceDate "2022.11.21"]
[SourceVersion "1"]
[SourceVersionDate "2023.03.23"]
[SourceQuality "1"]
[WhiteTeam "San Fernando de Henares"]
[BlackTeam "Collado Villalba"]
[WhiteTeamCountry "ESP"]
[BlackTeamCountry "ESP"]

1. e4 e5 2. Bc4 Nf6 3. d4 Nc6 4. Nf3 exd4 5. e5 d5 6. Bb5 Nd7 7. O-O Be7 8.
Bxc6 bxc6 9. Nxd4 Nb8 10. Nc3 O-O 11. Qf3 Re8 12. Bf4 Be6 13. Nxe6 fxe6 14. Qg4
Qd7 15. Rad1 Bd8 16. Rd3 Qf7 17. Rg3 Kh8 18. Bg5 Nd7 19. Bxd8 Raxd8 20. f4 Rb8
21. b3 Rf8 22. Qe2 Qe7 23. Na4 Nb6 24. Nb2 c5 25. c4 c6 26. Rgf3 Kg8 27. Rc1
Rbd8 28. g3 h6 29. h4 Rd7 30. Qf2 Rfd8 31. Rd3 dxc4 32. Rxd7 Rxd7 33. Nxc4 Nxc4
34. bxc4 Rd4 35. Qe2 Qd7 36. Rc2 Qf7 37. Kh2 Kh7 38. Qg2 Qf5 39. Rc1 Rxf4 40.
Rc2 Re4 41. Re2 Rxc4 42. Qxc6 0-1

[Event "Madrid-chT 2223"]
[Site "Madrid"]
[Date "2022.12.11"]
[Round "3.2"]
[White "Pulvett Marin, Daniel Eduardo"]
[Black "Garrido Olivares, Ricard"]
[Result "1-0"]
[WhiteElo "2506"]
[BlackElo "2193"]
[PlyCount "125"]
[EventDate "2022.11.20"]
[EventType "team-tourn"]
[EventRounds "14"]
[EventCountry "ESP"]
[SourceTitle "Ajedrez en Madrid"]
[Source "lmi"]
[SourceDate "2022.11.21"]
[SourceVersion "1"]
[SourceVersionDate "2023.03.23"]
[SourceQuality "1"]
[WhiteTeam "Collado Villalba"]
[BlackTeam "San Fernando de Henares"]
[WhiteTeamCountry "ESP"]
[BlackTeamCountry "ESP"]

1. d4 d5 2. Nf3 Nf6 3. c4 e6 4. g3 dxc4 5. Bg2 a6 6. Ne5 Bb4+ 7. Nc3 Nd5 8. O-O
O-O 9. Ne4 c3 10. Qc2 cxb2 11. Bxb2 Be7 12. Nc5 b6 13. Ncd3 Bb7 14. Rac1 f6 15.
Nc4 Nd7 16. e4 Nb4 17. Nxb4 Bxb4 18. Qb3 Be7 19. Ne3 Kh8 20. Qxe6 Re8 21. Qg4
Bf8 22. h4 c5 23. Rfd1 Qe7 24. d5 b5 25. f4 c4 26. e5 Rab8 27. Nf5 Qd8 28. h5
fxe5 29. h6 g6 30. Ng7 Bxg7 31. hxg7+ Kg8 32. fxe5 Nxe5 33. Qf4 Nd3 34. Rxd3
cxd3 35. Rc7 Bxd5 36. Re7 Bc4 37. Rxe8+ Qxe8 38. Bc3 Rd8 39. Kh2 Qf7 40. Qg5
Re8 41. Qc5 Qe6 42. Bb4 Qf7 43. Qc6 Bxa2 44. Qxa6 Bc4 45. Qc6 Qe6 46. Qc5 Kxg7
47. Bc3+ Kg8 48. Qd4 Re7 49. Qh8+ Kf7 50. Qxh7+ Ke8 51. Qh8+ Kd7 52. Bh3 Kc6
53. Qa8+ Kc5 54. Qa3+ Kc6 55. Qa6+ Kc5 56. Bxe6 Rxe6 57. Qc8+ Kd5 58. Kg1 Kd6
59. Bb4+ Ke5 60. Qc7+ Kd4 61. Qc5+ Ke4 62. Bc3 Ra6 63. Qe5+ 1-0

[Event "Madrid-chT 2223"]
[Site "Madrid"]
[Date "2022.12.11"]
[Round "3.3"]
[White "Jimenez Lopez, Antonio"]
[Black "Alonso Garcia, Aaron"]
[Result "1-0"]
[WhiteElo "2181"]
[BlackElo "2439"]
[PlyCount "101"]
[EventDate "2022.11.20"]
[EventType "team-tourn"]
[EventRounds "14"]
[EventCountry "ESP"]
[SourceTitle "Ajedrez en Madrid"]
[Source "lmi"]
[SourceDate "2022.11.21"]
[SourceVersion "1"]
[SourceVersionDate "2023.03.23"]
[SourceQuality "1"]
[WhiteTeam "San Fernando de Henares"]
[BlackTeam "Collado Villalba"]
[WhiteTeamCountry "ESP"]
[BlackTeamCountry "ESP"]

1. e4 c5 2. Nf3 e6 3. d4 cxd4 4. Nxd4 Nc6 5. Nc3 Qc7 6. Be3 a6 7. Qd2 Nf6 8.
O-O-O Be7 9. f3 b5 10. Nxc6 dxc6 11. g4 O-O 12. Qf2 e5 13. h4 Rd8 14. Bd3 Rb8
15. h5 Be6 16. g5 b4 17. Na4 Nd7 18. b3 c5 19. Qe2 a5 20. g6 Nf8 21. gxh7+ Kxh7
22. Nb2 Bd7 23. f4 Bf6 24. Rdg1 Ne6 25. f5 Nf4 26. Qg4 Rg8 27. Bc4 Be8 28. Rg3
a4 29. Nd3 axb3 30. cxb3 Bb5 31. Qg6+ Kh8 32. Bxf7 Ne2+ 33. Kb2 Nxg3 34. h6
Nxh1 35. hxg7+ Rxg7 36. Qh6+ Rh7 37. Qxf6+ Rg7 38. Nxe5 Qxe5+ 39. Qxe5 Rf8 40.
Qh2+ Rh7 41. Qe5+ Rg7 42. Bg6 Kg8 43. Qd5+ Kh8 44. Qxc5 Kg8 45. Qd5+ Kh8 46.
Qxb5 Ng3 47. Qe5 Nf1 48. Bd4 Rfg8 49. Qf4 Rc8 50. Qh6+ Kg8 51. Qxg7# 1-0

[Event "Madrid-chT 2223"]
[Site "Madrid"]
[Date "2022.12.11"]
[Round "3.4"]
[White "Lianes Garcia, Marcos"]
[Black "Gallego Bergada, Antoni"]
[Result "1-0"]
[WhiteElo "2409"]
[BlackElo "2143"]
[PlyCount "99"]
[EventDate "2022.11.20"]
[EventType "team-tourn"]
[EventRounds "14"]
[EventCountry "ESP"]
[SourceTitle "Ajedrez en Madrid"]
[Source "lmi"]
[SourceDate "2022.11.21"]
[SourceVersion "1"]
[SourceVersionDate "2023.03.23"]
[SourceQuality "1"]
[WhiteTeam "Collado Villalba"]
[BlackTeam "San Fernando de Henares"]
[WhiteTeamCountry "ESP"]
[BlackTeamCountry "ESP"]

1. e4 e5 2. Nf3 Nf6 3. d4 Nxe4 4. Bd3 d5 5. Nxe5 Bd6 6. O-O O-O 7. Nd2 Nxd2 8.
Bxd2 c5 9. c3 Nc6 10. Nxc6 bxc6 11. dxc5 Bxc5 12. Qh5 g6 13. Qf3 Be7 14. Rfe1
Bg5 15. Be3 Qf6 16. Qxf6 Bxf6 17. Bc5 Rd8 18. Rac1 Be6 19. Ba6 Bc8 20. Bxc8
Rdxc8 21. f4 a6 22. Kf2 Re8 23. g3 h5 24. b3 Rxe1 25. Kxe1 Re8+ 26. Kd2 Re4 27.
Kd3 Bd8 28. c4 f5 29. cxd5 cxd5 30. Bd4 Kf7 31. Rc8 Ke7 32. Ra8 Re6 33. Ra7+
Ke8 34. b4 Re1 35. Rxa6 Rd1+ 36. Kc3 Kf7 37. b5 Rc1+ 38. Kd3 Rd1+ 39. Kc3 Rc1+
40. Kd2 Rb1 41. a4 Rb4 42. Bc3 Rc4 43. Kd3 Rc8 44. a5 Rc5 45. Ra7+ Ke6 46. Rb7
d4 47. Kxd4 Rc8 48. Kd3 Kd5 49. a6 Kc5 50. a7 1-0

[Event "Madrid-chT 2223"]
[Site "Madrid"]
[Date "2022.12.11"]
[Round "3.5"]
[White "Del Valle Cirera, Adria"]
[Black "Suarez Uriel, Adrian"]
[Result "0-1"]
[WhiteElo "2100"]
[BlackElo "2387"]
[PlyCount "108"]
[EventDate "2022.11.20"]
[EventType "team-tourn"]
[EventRounds "14"]
[EventCountry "ESP"]
[SourceTitle "Ajedrez en Madrid"]
[Source "lmi"]
[SourceDate "2022.11.21"]
[SourceVersion "1"]
[SourceVersionDate "2023.03.23"]
[SourceQuality "1"]
[WhiteTeam "San Fernando de Henares"]
[BlackTeam "Collado Villalba"]
[WhiteTeamCountry "ESP"]
[BlackTeamCountry "ESP"]

1. e4 c5 2. Nf3 d6 3. c3 Nf6 4. Bd3 g6 5. Bc2 Bg7 6. O-O O-O 7. d4 Qc7 8. h3
Nbd7 9. Re1 e5 10. Nbd2 Re8 11. dxc5 Nxc5 12. Nf1 b5 13. Bg5 Bb7 14. Bxf6 Bxf6
15. Ne3 Rab8 16. Nd5 Bxd5 17. Qxd5 b4 18. cxb4 Rxb4 19. b3 Ne6 20. Qd2 Rb6 21.
Bd3 Qd7 22. Bc4 Nf4 23. Rad1 h5 24. a4 Rd8 25. Nh2 Kg7 26. Nf1 Bg5 27. Qa5 Qb7
28. Nd2 Be7 29. Nf3 d5 30. Qc3 d4 31. Qc1 Qc7 32. Kh2 Bb4 33. Rf1 Qb7 34. Nxd4
Qxe4 35. f3 Qb7 36. Nf5+ gxf5 37. Rxd8 Qe7 38. Rdd1 Qh4 39. Qe3 Rg6 40. Qf2
Rxg2+ 41. Qxg2+ Nxg2 42. Rg1 Kf6 43. Rxg2 Qf4+ 44. Kh1 Qxf3 45. Rd3 Qf4 46. Rd7
Be7 47. Rxa7 e4 48. Ra5 Qf3 49. Rd5 Qxh3+ 50. Kg1 Bc5+ 51. Rxc5 Qe3+ 52. Kf1
Qxc5 53. Rh2 f4 54. Rd2 Ke5 0-1

[Event "Madrid-chT 2223"]
[Site "Madrid"]
[Date "2022.12.11"]
[Round "3.6"]
[White "Quispe Arteaga, Gabriel"]
[Black "Romero Fite, Miguel"]
[Result "1-0"]
[WhiteElo "2374"]
[BlackElo "1983"]
[PlyCount "77"]
[EventDate "2022.11.20"]
[EventType "team-tourn"]
[EventRounds "14"]
[EventCountry "ESP"]
[SourceTitle "Ajedrez en Madrid"]
[Source "lmi"]
[SourceDate "2022.11.21"]
[SourceVersion "1"]
[SourceVersionDate "2023.03.23"]
[SourceQuality "1"]
[WhiteTeam "Collado Villalba"]
[BlackTeam "San Fernando de Henares"]
[WhiteTeamCountry "ESP"]
[BlackTeamCountry "ESP"]

1. c4 e6 2. Nc3 d5 3. d4 Nf6 4. cxd5 exd5 5. Bg5 c6 6. e3 Be7 7. Bd3 Nbd7 8.
Nge2 h6 9. Bh4 Nh5 10. Bxe7 Qxe7 11. g4 Nhf6 12. Ng3 Nb6 13. h3 Be6 14. a4 Nc8
15. Qe2 Nd6 16. f3 Qc7 17. Rg1 Nc8 18. Nf5 Bxf5 19. gxf5 Rg8 20. e4 dxe4 21.
fxe4 Ne7 22. O-O-O O-O-O 23. Bc4 Rdf8 24. Kb1 Kb8 25. Qf3 Nd7 26. Rg2 Qb6 27.
Qf4+ Ka8 28. Qd6 Qd8 29. a5 Nc8 30. Qb4 Qe7 31. Qb3 Nd6 32. Bd3 Qh4 33. Rc2
Qxh3 34. Qb4 Nc8 35. a6 b6 36. Nd5 Qf3 37. Rdd2 Nf6 38. Qc4 Qh1+ 39. Ka2 1-0

[Event "Madrid-chT 2223"]
[Site "Madrid"]
[Date "2022.12.11"]
[Round "3.1"]
[White "Reyes Larena, Juan"]
[Black "Almagro Llamas, Pablo"]
[Result "1/2-1/2"]
[WhiteElo "2444"]
[BlackElo "2410"]
[PlyCount "29"]
[EventDate "2022.11.20"]
[EventType "team-tourn"]
[EventRounds "14"]
[EventCountry "ESP"]
[SourceTitle "Ajedrez en Madrid"]
[Source "lmi"]
[SourceDate "2022.11.21"]
[SourceVersion "1"]
[SourceVersionDate "2023.03.23"]
[SourceQuality "1"]
[WhiteTeam "San Sebastian de los Reyes"]
[BlackTeam "Virgen de Atocha"]
[WhiteTeamCountry "ESP"]
[BlackTeamCountry "ESP"]

1. e4 c5 2. Nf3 d6 3. d4 cxd4 4. Nxd4 Nf6 5. f3 a6 6. c4 e6 7. Nc3 b6 8. Be3
Bb7 9. Qc2 Nbd7 10. O-O-O Rc8 11. Qa4 Be7 12. g4 O-O 13. g5 Nh5 14. Rg1 Qc7 15.
f4 1/2-1/2

[Event "Madrid-chT 2223"]
[Site "Madrid"]
[Date "2022.12.11"]
[Round "3.2"]
[White "Fernandez de Bobadilla, Gabriel"]
[Black "Alfaya Marcelo, Roberto"]
[Result "0-1"]
[WhiteElo "2165"]
[BlackElo "2254"]
[PlyCount "96"]
[EventDate "2022.11.20"]
[EventType "team-tourn"]
[EventRounds "14"]
[EventCountry "ESP"]
[SourceTitle "Ajedrez en Madrid"]
[Source "lmi"]
[SourceDate "2022.11.21"]
[SourceVersion "1"]
[SourceVersionDate "2023.03.23"]
[SourceQuality "1"]
[WhiteTeam "Virgen de Atocha"]
[BlackTeam "San Sebastian de los Reyes"]
[WhiteTeamCountry "ESP"]
[BlackTeamCountry "ESP"]

1. d4 Nf6 2. c4 e6 3. Nf3 d5 4. Nc3 c6 5. cxd5 exd5 6. Bg5 Nbd7 7. e3 Bd6 8.
Bd3 O-O 9. Qc2 h6 10. Bh4 Re8 11. O-O Nf8 12. Rfe1 Bg4 13. Nd2 Bh5 14. Nf1 Bg6
15. Rab1 Bxd3 16. Qxd3 Ng6 17. Bg3 a5 18. a3 h5 19. Bxd6 Qxd6 20. Na4 h4 21.
Nc5 b6 22. Na4 c5 23. dxc5 bxc5 24. h3 Ne5 25. Qc2 Rac8 26. Nc3 c4 27. Nd2 Qe6
28. Rf1 Rc5 29. Ne2 Rec8 30. Nd4 Qe8 31. N2f3 g6 32. Nxh4 a4 33. Nhf3 Nd3 34.
Ne2 Ra5 35. Nc3 Ne4 36. Nxe4 Qxe4 37. Qc3 Rb5 38. Nd4 Rb6 39. Qc2 Rcb8 40. Qxa4
Rxb2 41. Rxb2 Rxb2 42. Qa8+ Kg7 43. Nf3 Nxf2 44. Qa7 Nd3 45. Nd2 Qe6 46. Qd4+
Kg8 47. Rf6 Qe5 48. Nf3 Rb1+ 0-1

[Event "Madrid-chT 2223"]
[Site "Madrid"]
[Date "2022.12.11"]
[Round "3.3"]
[White "Quevedo Marin, Manuel"]
[Black "Yanes Crespo, Javier"]
[Result "0-1"]
[WhiteElo "2197"]
[BlackElo "1963"]
[PlyCount "116"]
[EventDate "2022.11.20"]
[EventType "team-tourn"]
[EventRounds "14"]
[EventCountry "ESP"]
[SourceTitle "Ajedrez en Madrid"]
[Source "lmi"]
[SourceDate "2022.11.21"]
[SourceVersion "1"]
[SourceVersionDate "2023.03.23"]
[SourceQuality "1"]
[WhiteTeam "San Sebastian de los Reyes"]
[BlackTeam "Virgen de Atocha"]
[WhiteTeamCountry "ESP"]
[BlackTeamCountry "ESP"]

1. d4 d5 2. c4 e6 3. Nc3 Nf6 4. Nf3 c5 5. cxd5 exd5 6. Bf4 Nc6 7. e3 a6 8. Be2
Be7 9. O-O O-O 10. Ne5 cxd4 11. Nxc6 bxc6 12. exd4 a5 13. Rc1 Bd6 14. Bxd6 Qxd6
15. Na4 Rb8 16. Rc5 Ne4 17. Rxa5 Qb4 18. Ra7 Nd2 19. Re1 Qxd4 20. Rc7 Rb4 21.
b3 Qf4 22. Rxc6 Bd7 23. g3 Qd4 24. Rc2 Ne4 25. Qxd4 Rxd4 26. Nb6 Bf5 27. Rd1
Rxd1+ 28. Bxd1 d4 29. g4 Nc3 30. Rd2 Be6 31. Rxd4 Nxa2 32. Nd7 Re8 33. Nc5 Nc3
34. Nxe6 fxe6 35. Bf3 Nb5 36. Rd2 e5 37. Rd7 Nd4 38. Bd5+ Kh8 39. f3 g6 40. Kf2
Rb8 41. Re7 Nxb3 42. Rxe5 Nc5 43. Kg3 Nd7 44. Re6 Nc5 45. Rc6 Nd3 46. Be4 Nb4
47. Rd6 Re8 48. Kf4 Re7 49. Rb6 Na2 50. Rb8+ Kg7 51. g5 Nc3 52. Bc2 Nd5+ 53.
Kg3 Ne3 54. Bb3 Nf5+ 55. Kf4 h5 56. Rg8+ Kh7 57. Rf8 Nd4 58. Rb8 Ne2# 0-1

[Event "Madrid-chT 2223"]
[Site "Madrid"]
[Date "2022.12.11"]
[Round "3.4"]
[White "Recuenco Andres, Javier"]
[Black "Martinez Fernandez, Raul"]
[Result "0-1"]
[WhiteElo "1949"]
[BlackElo "2176"]
[PlyCount "40"]
[EventDate "2022.11.20"]
[EventType "team-tourn"]
[EventRounds "14"]
[EventCountry "ESP"]
[SourceTitle "Ajedrez en Madrid"]
[Source "lmi"]
[SourceDate "2022.11.21"]
[SourceVersion "1"]
[SourceVersionDate "2023.03.23"]
[SourceQuality "1"]
[WhiteTeam "Virgen de Atocha"]
[BlackTeam "San Sebastian de los Reyes"]
[WhiteTeamCountry "ESP"]
[BlackTeamCountry "ESP"]

1. e4 e5 2. Nf3 Nc6 3. Bc4 Nf6 4. Ng5 d5 5. exd5 Na5 6. Bb5+ c6 7. dxc6 bxc6 8.
Qf3 cxb5 9. Qxa8 Qc7 10. Nc3 Nc6 11. Nxb5 Qd7 12. d4 Nd5 13. Nxa7 Nxa7 14. dxe5
Bb4+ 15. c3 O-O 16. Be3 Nxe3 17. fxe3 Qg4 18. h4 Qg3+ 19. Kd2 Qf2+ 20. Kc1
Qxe3+ 0-1

[Event "Madrid-chT 2223"]
[Site "Madrid"]
[Date "2022.12.11"]
[Round "3.5"]
[White "Hernandez Ramos, David"]
[Black "Martinez Del Nido, Eduardo"]
[Result "1-0"]
[WhiteElo "2094"]
[BlackElo "1907"]
[PlyCount "127"]
[EventDate "2022.11.20"]
[EventType "team-tourn"]
[EventRounds "14"]
[EventCountry "ESP"]
[SourceTitle "Ajedrez en Madrid"]
[Source "lmi"]
[SourceDate "2022.11.21"]
[SourceVersion "1"]
[SourceVersionDate "2023.03.23"]
[SourceQuality "1"]
[WhiteTeam "San Sebastian de los Reyes"]
[BlackTeam "Virgen de Atocha"]
[WhiteTeamCountry "ESP"]
[BlackTeamCountry "ESP"]

1. d4 d5 2. c4 e6 3. Nc3 Nf6 4. Nf3 c6 5. Bg5 Nbd7 6. e3 Be7 7. cxd5 exd5 8.
Bd3 O-O 9. Qc2 Re8 10. O-O h6 11. Bh4 Ne4 12. Bxe7 Qxe7 13. Rab1 Ndf6 14. Ne5
Ng4 15. Nxg4 Bxg4 16. Rfe1 Bf5 17. Nd1 Qf6 18. b4 Rac8 19. a4 Nd6 20. Bxf5 Qxf5
21. Qxf5 Nxf5 22. Nc3 Red8 23. Rec1 Kf8 24. Rc2 Nd6 25. Rbc1 Ke7 26. Kf1 Kd7
27. Ke2 f5 28. Nd1 Nc4 29. Nb2 Nxb2 30. Rxb2 Kd6 31. Kd2 g6 32. Rcb1 Re8 33.
Rc2 Rf8 34. Kd3 Rfd8 35. Rbc1 Rc7 36. g3 Rdc8 37. Rc5 h5 38. h4 Rd8 39. Ke2 Re8
40. Kf3 b6 41. R5c3 Rec8 42. Kf4 Ke6 43. Kg5 Kf7 44. R3c2 a6 45. Rb1 Ke6 46.
Rbb2 Kf7 47. Rc3 Ke6 48. b5 axb5 49. axb5 Kf7 50. Rc1 c5 51. dxc5 bxc5 52. b6
Rb7 53. Rb5 c4 54. Rxd5 Rxb6 55. Rd7+ Kf8 56. Rc3 Kg8 57. Kh6 Kh8 58. Rh7+ Kg8
59. Rg7+ Kf8 60. Rxg6 Rb5 61. Kg5 Kf7 62. Rf6+ Ke7 63. Rh6 Rd5 64. Ra6 1-0

[Event "Madrid-chT 2223"]
[Site "Madrid"]
[Date "2022.12.18"]
[Round "4.1"]
[White "Garcia Luengo, Leandro"]
[Black "Candela Perez, Jose"]
[Result "1-0"]
[WhiteElo "2278"]
[BlackElo "2314"]
[PlyCount "83"]
[EventDate "2022.11.20"]
[EventType "team-tourn"]
[EventRounds "14"]
[EventCountry "ESP"]
[SourceTitle "Ajedrez en Madrid"]
[Source "lmi"]
[SourceDate "2022.11.21"]
[SourceVersion "1"]
[SourceVersionDate "2023.03.23"]
[SourceQuality "1"]
[WhiteTeam "San Fernando de Henares"]
[BlackTeam "Alcala de Henares"]
[WhiteTeamCountry "ESP"]
[BlackTeamCountry "ESP"]

1. e4 e5 2. Nf3 Nc6 3. Bb5 a6 4. Ba4 Nge7 5. c3 g6 6. d4 exd4 7. Nxd4 Bg7 8.
Bg5 Na5 9. Bc2 h6 10. Bh4 O-O 11. O-O g5 12. Bg3 d5 13. exd5 Nxd5 14. Qd3 f5
15. Nd2 Kh8 16. Rad1 Bd7 17. Rfe1 Qc8 18. Be5 Bxe5 19. Rxe5 Nf4 20. Qe3 Nc6 21.
Nxc6 Bxc6 22. Re7 Rf6 23. Nf3 Bxf3 24. Qxf3 Qf8 25. Rxc7 Ne6 26. Rxb7 Rd8 27.
Rbd7 Rxd7 28. Rxd7 Qe8 29. Qd1 Nf8 30. Rd8 Qe7 31. Bb3 Kh7 32. h3 Kg6 33. Rd2
Qc7 34. Qf3 Rd6 35. Rxd6+ Qxd6 36. Qd5 Qe7 37. Qg8+ Kf6 38. Qc4 Qe1+ 39. Qf1
Qd2 40. Qxa6+ Ke7 41. Qa7+ Nd7 42. Qe3+ 1-0